[Event "Wch U20 59th"]
[Site "Cala Gonone"]
[Date "2022.10.21"]
[Round "10"]
[White "Persico, Lorenzo"]
[Black "Abdulla, Younes Alkhemeiri"]
[Result "1-0"]
[WhiteElo "2007"]
[BlackElo "1405"]
[PlyCount "83"]
[EventDate "2022.10.12"]
[EventType "swiss"]
[EventRounds "11"]
[EventCountry "ITA"]
[SourceTitle "CBM 210 Extra"]
[Source "ChessBase"]
[SourceDate "2022.11.30"]
[SourceVersion "1"]
[SourceVersionDate "2022.11.30"]
[SourceQuality "1"]

1. e4 c6 2. d4 d5 3. exd5 cxd5 4. Bd3 Nc6 5. c3 Nf6 6. Bf4 e6 7. Nf3 Bd6 8. Bxd6 Qxd6 9. 0-0 0-0 10. Re1 Re8 11. Ne5 h6 12. Nd2 Nd7 13. f4 Ndxe5 14. fxe5 Qe7 15. Bb1 Qg5 16. Qc2 Qf5 17. Qd1 Qg5 18. Rf1 Ne7 19. Rf3 Nf5 20. Nf1 Bd7 21. Ng3 Nh4 22. Rf2 Bb5 23. Bd3 Bxd3 24. Qxd3 a6 25. Raf1 Re7 26. a4 Rc8 27. Qe2 Rc4 28. Rf4 Rec7 29. Rg4 Qe7 30. Nh5 Ng6 31. Qc2 Qd7 32. Rxg6 fxg6 33. Qxg6 Qf7 34. Nf6+ Kf8 35. Nh7+ Kg8 36. Rxf7 Rxf7 37. Qxe6 Rcc7 38. Ng5 hxg5 39. Qxd5 Rcd7 40. Qc4 Rde7 41. e6 Rf8 42. d5 1-0

[Event "Wch U20 59th"]
[Site "Cala Gonone"]
[Date "2022.10.13"]
[Round "2"]
[White "Wartiovaara, Oliver"]
[Black "Persico, Lorenzo"]
[Result "1-0"]
[WhiteElo "2297"]
[BlackElo "2007"]
[PlyCount "61"]
[EventDate "2022.10.12"]
[EventType "swiss"]
[EventRounds "11"]
[EventCountry "ITA"]
[SourceTitle "CBM 210 Extra"]
[Source "ChessBase"]
[SourceDate "2022.11.30"]
[SourceVersion "1"]
[SourceVersionDate "2022.11.30"]
[SourceQuality "1"]

1. Nf3 d5 2. g3 c6 3. Bg2 g6 4. 0-0 Bg7 5. d4 Nf6 6. c4 0-0 7. Ne5 Nbd7 8. Nc3 dxc4 9. Nxc4 Nb6 10. Ne5 Ng4 11. f4 f6 12. Qb3+ Kh8 13. Nf7+ Rxf7 14. Qxf7 e6 15. f5 gxf5 16. h3 Nh6 17. Qh5 Qxd4+ 18. Kh2 Ng8 19. Rf4 Qc5 20. e4 Bd7 21. exf5 Be8 22. Qf3 Bh6 23. fxe6 Bxf4 24. Bxf4 Rd8 25. Re1 Qe7 26. g4 Bg6 27. g5 Rf8 28. Qg3 fxg5 29. Bd6 Qe8 30. Bxf8 Qxf8 31. e7 1-0

[Event "Cattolica Primavera op"]
[Site "Cattolica"]
[Date "2022.03.19"]
[Round "6"]
[White "Persico, Lorenzo"]
[Black "Cassi, Elisa"]
[Result "1-0"]
[WhiteElo "2080"]
[BlackElo "1981"]
[PlyCount "53"]
[EventDate "2022.03.16"]
[EventType "swiss"]
[EventRounds "9"]
[EventCountry "ITA"]
[SourceTitle "CBM 207 Extra"]
[Source "ChessBase"]
[SourceDate "2022.05.31"]
[SourceVersion "1"]
[SourceVersionDate "2022.05.31"]
[SourceQuality "1"]

1. e4 c6 2. d4 d5 3. e5 Bf5 4. h4 Qb6 5. a4 f6 6. a5 Qc7 7. g4 Bd7 8. Bf4 fxe5 9. Bxe5 Qc8 10. g5 Bg4 11. Bh3 Bxh3 12. Nxh3 Nd7 13. Qh5+ g6 14. Qe2 Nxe5 15. Qxe5 Qf5 16. Qxh8 Qe4+ 17. Kf1 Qxh1+ 18. Ng1 Qxh4 19. Qxg8 Qxd4 20. Nc3 Qc4+ 21. Nge2 Qh4 22. Qe6 a6 23. Ra4 Qxg5 24. Rf4 h5 25. Na4 d4 26. Nb6 Qxa5 27. Qd7# 1-0

[Event "Cattolica Primavera op"]
[Site "Cattolica"]
[Date "2022.03.17"]
[Round "3"]
[White "Calavalle, Giulio"]
[Black "Persico, Lorenzo"]
[Result "1-0"]
[WhiteElo "2188"]
[BlackElo "2080"]
[PlyCount "97"]
[EventDate "2022.03.16"]
[EventType "swiss"]
[EventRounds "9"]
[EventCountry "ITA"]
[SourceTitle "CBM 207 Extra"]
[Source "ChessBase"]
[SourceDate "2022.05.31"]
[SourceVersion "1"]
[SourceVersionDate "2022.05.31"]
[SourceQuality "1"]

1. e4 e5 2. Nf3 Nc6 3. Bc4 Bc5 4. 0-0 Nf6 5. d3 d6 6. c3 a6 7. b4 Ba7 8. h3 h6 9. Nbd2 0-0 10. Bb3 d5 11. Qe2 Re8 12. a3 Be6 13. Rd1 Qe7 14. Bc2 Rad8 15. Re1 dxe4 16. Nxe4 Nxe4 17. Qxe4 Bd5 18. Qe2 Qf6 19. Nh2 Be6 20. Be3 Bxe3 21. Qxe3 Bc8 22. Ng4 Bxg4 23. hxg4 Qf4 24. Qxf4 exf4 25. d4 Kf8 26. Be4 Rd6 27. f3 b6 28. Kf2 g6 29. Bd3 a5 30. Rxe8+ Kxe8 31. Rh1 g5 32. Bb5 Kf8 33. Bd3 axb4 34. axb4 Ne5 35. Ke2 Nxd3 36. Kxd3 c5 37. Re1 cxd4 38. c4 Rd8 39. Re5 Ra8 40. Rb5 Ra6 41. Kxd4 Ke7 42. Re5+ Kd7 43. Rd5+ Ke7 44. Ke5 Ra2 45. Rb5 Re2+ 46. Kd4 Rd2+ 47. Ke5 Rd6 48. c5 bxc5 49. Rb7+ 1-0

[Event "Cattolica Primavera op"]
[Site "Cattolica"]
[Date "2022.03.17"]
[Round "2"]
[White "Kotyk, Michael"]
[Black "Persico, Lorenzo"]
[Result "1-0"]
[WhiteElo "2201"]
[BlackElo "2080"]
[PlyCount "87"]
[EventDate "2022.03.16"]
[EventType "swiss"]
[EventRounds "9"]
[EventCountry "ITA"]
[SourceTitle "CBM 207 Extra"]
[Source "ChessBase"]
[SourceDate "2022.05.31"]
[SourceVersion "1"]
[SourceVersionDate "2022.05.31"]
[SourceQuality "1"]

1. d4 d5 2. c4 e6 3. Nc3 c6 4. e4 dxe4 5. Nxe4 Bb4+ 6. Nc3 c5 7. a3 Bxc3+ 8. bxc3 Ne7 9. Nf3 0-0 10. Bd3 h6 11. Bc2 Nd7 12. Qd3 Nf6 13. Ne5 Bd7 14. Qg3 Kh8 15. Qh3 Nfg8 16. g4 f6 17. g5 fxe5 18. gxh6 g6 19. h7 Nf6 20. dxe5 Nxh7 21. Rf1 Qc7 22. f4 Rg8 23. Be3 Raf8 24. 0-0-0 Nf5 25. Bf2 b5 26. Bxf5 Rxf5 27. Bh4 Rh5 28. Qg3 bxc4 29. Rd6 Nf8 30. Be7 Nh7 31. Rfd1 Ba4 32. Bd8 Qf7 33. R1d2 Qf5 34. h4 g5 35. fxg5 Qf1+ 36. Kb2 Nxg5 37. hxg5 Qf5 38. Rh2 Kg7 39. Rdd2 Rxh2 40. Qxh2 Re8 41. Qh6+ Kg8 42. g6 Qf3 43. Qh7+ Kf8 44. Qh8# 1-0

[Event "Palmanova op 10th"]
[Site "Palmanova"]
[Date "2021.12.05"]
[Round "5"]
[White "Persico, Lorenzo"]
[Black "Urbani, Gabriel"]
[Result "1-0"]
[WhiteElo "1989"]
[BlackElo "1973"]
[PlyCount "87"]
[EventDate "2021.12.03"]
[EventType "swiss"]
[EventRounds "5"]
[EventCountry "ITA"]
[SourceTitle "CBM 205 Extra"]
[Source "ChessBase"]
[SourceDate "2022.01.31"]
[SourceVersion "1"]
[SourceVersionDate "2022.01.31"]
[SourceQuality "1"]

1. e4 e5 2. Nf3 Nc6 3. Bc4 Bc5 4. d3 Nf6 5. c3 d6 6. Bb3 0-0 7. Nbd2 a6 8. h3 Ba7 9. Nf1 Ne7 10. Ng3 Ng6 11. 0-0 Be6 12. Bc2 h6 13. d4 Re8 14. Be3 c6 15. dxe5 dxe5 16. Bxa7 Rxa7 17. Qxd8 Rxd8 18. Rfd1 Raa8 19. Nf5 Rd7 20. Rxd7 Nxd7 21. b3 Kf8 22. Kf1 Bxf5 23. exf5 Ne7 24. c4 Nc8 25. Rd1 Ke7 26. Re1 f6 27. Nd4 Kf7 28. Ne6 Ncb6 29. Rd1 Rc8 30. c5 Nd5 31. Be4 Nf8 32. Bxd5 cxd5 33. Nxf8 Kxf8 34. Rxd5 Ke7 35. Ke2 b6 36. cxb6 Rc6 37. b7 Rb6 38. Ra5 Rxb7 39. Rxa6 Rc7 40. Kd2 Rd7+ 41. Kc2 Rd4 42. Ra7+ Kf8 43. g3 h5 44. Ra4 1-0

[Event "Bassano del Grappa Vergani Cup 5th"]
[Site "Bassano del Grappa"]
[Date "2020.12.26"]
[Round "1"]
[White "Niemann, Hans Moke"]
[Black "Persico, Lorenzo"]
[Result "1-0"]
[WhiteElo "2472"]
[BlackElo "1946"]
[PlyCount "61"]
[EventDate "2020.12.26"]
[EventType "swiss"]
[EventRounds "9"]
[EventCountry "ITA"]
[SourceTitle "CBM 200 Extra"]
[Source "ChessBase"]
[SourceDate "2021.03.31"]
[SourceVersion "1"]
[SourceVersionDate "2021.03.31"]
[SourceQuality "1"]

1. d4 d5 2. c4 e6 3. Nc3 Nf6 4. cxd5 exd5 5. Bg5 c6 6. Qc2 Bd6 7. e3 h6 8. Bh4 Nbd7 9. Bd3 0-0 10. Nge2 Re8 11. g4 Nf8 12. h3 Qe7 13. 0-0-0 g5 14. Bg3 Kg7 15. h4 Bd7 16. hxg5 hxg5 17. Bf5 b5 18. Bxd7 Qxd7 19. Bxd6 Qxd6 20. Ng3 Qd7 21. Nf5+ Kg8 22. f4 N6h7 23. Rh3 f6 24. Rdh1 a5 25. Ne2 b4 26. Nh6+ Kh8 27. Ng3 Rxe3 28. fxg5 fxg5 29. Qf2 Rae8 30. Nf7+ Kg8 31. Nxg5 1-0

[Event "Bassano del Grappa op 11"]
[Site "Bassano del Grappa"]
[Date "2020.11.27"]
[Round "1"]
[White "Subelj, Jan"]
[Black "Persico, Lorenzo"]
[Result "1-0"]
[WhiteElo "2403"]
[BlackElo "1946"]
[PlyCount "67"]
[EventDate "2020.11.27"]
[EventType "swiss"]
[EventRounds "5"]
[EventCountry "ITA"]
[SourceTitle "CBM 199 Extra"]
[Source "ChessBase"]
[SourceDate "2021.01.31"]
[SourceVersion "1"]
[SourceVersionDate "2021.01.31"]
[SourceQuality "1"]

1. e4 c5 2. Nf3 Nc6 3. Bb5 g6 4. 0-0 Bg7 5. Re1 e5 6. Bxc6 dxc6 7. a3 a5 8. d3 Qc7 9. Be3 b6 10. Nbd2 Nf6 11. b4 cxb4 12. axb4 Be6 13. bxa5 Rxa5 14. Rxa5 bxa5 15. Qa1 0-0 16. Ng5 Qd6 17. Qxa5 Nd7 18. Rb1 f5 19. Nxe6 Qxe6 20. f3 f4 21. Bf2 g5 22. Rb7 g4 23. Qc7 Rf7 24. Qd8+ Bf8 25. Qg5+ Rg7 26. Qf5 Qe8 27. fxg4 Rf7 28. Qg5+ Kh8 29. Qh5 Qe6 30. Nf3 Rg7 31. Qf5 Qe8 32. h3 Rf7 33. Qh5 Be7 34. Rxd7 1-0

[Event "Anti Cheating Blitz Cup"]
[Site "Chess.com INT"]
[Date "2020.05.20"]
[Round "5"]
[White "Persico, Lorenzo"]
[Black "Montani, Riccardo"]
[Result "1-0"]
[WhiteElo "1929"]
[BlackElo "1766"]
[PlyCount "27"]
[EventDate "2020.05.20"]
[EventType "swiss (blitz)"]
[EventRounds "11"]
[EventCountry "USA"]
[SourceTitle "CBM 196 Extra"]
[Source "ChessBase"]
[SourceDate "2020.07.31"]
[SourceVersion "1"]
[SourceVersionDate "2020.07.31"]
[SourceQuality "1"]

1. e4 d5 2. exd5 Nf6 3. d4 Bg4 4. Bb5+ Nbd7 5. Be2 Bxe2 6. Nxe2 Nxd5 7. c4 N5f6 8. 0-0 e6 9. Nbc3 c5 10. d5 exd5 11. Nxd5 Nxd5 12. Qxd5 Nb6 13. Qxb7 Nxc4 14. Qe4+ 1-0

[Event "Anti Cheating Blitz Cup"]
[Site "Chess.com INT"]
[Date "2020.05.20"]
[Round "8"]
[White "Vihaan, Dumir"]
[Black "Persico, Lorenzo"]
[Result "1-0"]
[WhiteElo "1263"]
[BlackElo "1929"]
[PlyCount "91"]
[EventDate "2020.05.20"]
[EventType "swiss (blitz)"]
[EventRounds "11"]
[EventCountry "USA"]
[SourceTitle "CBM 196 Extra"]
[Source "ChessBase"]
[SourceDate "2020.07.31"]
[SourceVersion "1"]
[SourceVersionDate "2020.07.31"]
[SourceQuality "1"]

1. e4 e5 2. Nf3 Nc6 3. Bb5 a6 4. Bxc6 dxc6 5. 0-0 f6 6. Nxe5 fxe5 7. Qh5+ Kd7 8. d4 Nf6 9. Qf5+ Ke8 10. Qxe5+ Qe7 11. Nc3 Qxe5 12. dxe5 Nd7 13. f4 Bc5+ 14. Kh1 Rf8 15. e6 Nb6 16. f5 g6 17. Bh6 Rf6 18. Bg7 Ke7 19. Bxf6+ Kxf6 20. g4 g5 21. h3 Nc4 22. b3 Ne5 23. Rae1 b6 24. a4 Bb7 25. Ne2 Be3 26. Ng3 Bf4 27. Nh5+ Ke7 28. Nxf4 gxf4 29. Rxf4 c5 30. g5 Rg8 31. h4 h6 32. g6 Kf6 33. Rg1 Rg7 34. h5 b5 35. Rf2 c4 36. Rg3 Bxe4+ 37. Kh2 Bc6 38. Rd2 Be4 39. Rd8 Bxf5 40. Rf8+ Kxe6 41. Re3 Kd6 42. Rd8+ Kc6 43. Rxe5 Bxc2 44. bxc4 bxc4 45. Re6+ Kc5 46. Rde8 1-0

[Event "Robecchetto op 32nd"]
[Site "Robecchetto"]
[Date "2019.12.27"]
[Round "3"]
[White "Persico, Lorenzo"]
[Black "Bonassi, Tommaso"]
[Result "0-1"]
[WhiteElo "1899"]
[BlackElo "2126"]
[PlyCount "69"]
[EventDate "2019.12.26"]
[EventType "swiss"]
[EventRounds "6"]
[EventCountry "ITA"]
[SourceTitle "CBM 194 Extra"]
[Source "ChessBase"]
[SourceDate "2020.03.31"]
[SourceVersion "1"]
[SourceVersionDate "2020.03.31"]
[SourceQuality "1"]

1. e4 c5 2. Nf3 d6 3. g3 Nf6 4. d3 Nc6 5. Bg2 g6 6. c3 Bg7 7. 0-0 0-0 8. Nbd2 Bd7 9. a3 Ne8 10. Re1 Nc7 11. Nf1 Ne6 12. Be3 Qb6 13. Rb1 a5 14. a4 Rfc8 15. N1d2 Qd8 16. Nc4 Na7 17. Na3 Qe8 18. Nc4 Bxa4 19. b3 Bc6 20. Nb6 Bxc3 21. Bd2 Nb5 22. Nxc8 Qxc8 23. Qc1 Bg7 24. Bh3 Bd7 25. Bg2 Nbd4 26. Nxd4 Nxd4 27. f4 Bb5 28. Bc3 Bxd3 29. Rb2 Qg4 30. h3 Qxg3 31. Re3 Qxf4 32. Bd2 Bb5 33. e5 Bxe5 34. Rxe5 Qxe5 35. Bf4 0-1

[Event "Crema op-B 17th"]
[Site "Crema"]
[Date "2016.09.04"]
[Round "6"]
[White "Tagliaferri, Valerio"]
[Black "Persico, Lorenzo"]
[Result "1-0"]
[WhiteElo "1785"]
[BlackElo "1573"]
[PlyCount "55"]
[EventDate "2016.09.02"]
[EventType "swiss"]
[EventRounds "6"]
[EventCountry "ITA"]
[SourceTitle "EXT 2018"]
[Source "ChessBase"]
[SourceDate "2017.10.13"]
[SourceVersion "1"]
[SourceVersionDate "2017.10.13"]
[SourceQuality "1"]

1. c4 c5 2. g3 g6 3. Bg2 Bg7 4. Nc3 Nc6 5. e3 e6 6. Nf3 Nge7 7. 0-0 0-0 8. Rb1 Qa5 9. d4 cxd4 10. Nxd4 Nxd4 11. exd4 Nf5 12. Be3 Qb4 13. Qd3 Nxe3 14. fxe3 Rd8 15. e4 Qd6 16. Nb5 Qe7 17. e5 f6 18. exf6 Bxf6 19. c5 e5 20. Rbe1 Qg7 21. dxe5 Bxe5 22. Qd5+ Kh8 23. Qxe5 Qxe5 24. Rxe5 Rg8 25. Bd5 Rd8 26. Nd6 Kg7 27. Rf7+ Kh6 28. g4 1-0

[Event "Crema op-B 17th"]
[Site "Crema"]
[Date "2016.09.03"]
[Round "3"]
[White "Persico, Lorenzo"]
[Black "Vargiu, Antonio"]
[Result "0-1"]
[WhiteElo "1573"]
[BlackElo "1654"]
[PlyCount "88"]
[EventDate "2016.09.02"]
[EventType "swiss"]
[EventRounds "6"]
[EventCountry "ITA"]
[SourceTitle "EXT 2018"]
[Source "ChessBase"]
[SourceDate "2017.10.13"]
[SourceVersion "1"]
[SourceVersionDate "2017.10.13"]
[SourceQuality "1"]

1. e4 e6 2. d4 d5 3. exd5 exd5 4. Nf3 Bd6 5. Be3 Ne7 6. g3 Bg4 7. Bg2 Nbc6 8. Nc3 Qd7 9. 0-0 a6 10. a4 0-0 11. Qd3 Bf5 12. Qd2 Rad8 13. Ne2 b6 14. c3 Na5 15. Qc1 Nb3 16. Qd1 Nxa1 17. Qxa1 Bg6 18. a5 Qb5 19. Nf4 Be4 20. axb6 Qxb6 21. Qa2 Ra8 22. b4 c6 23. Qd2 a5 24. bxa5 Rxa5 25. Nh5 Nf5 26. Ne5 Bxe5 27. dxe5 Nxe3 28. fxe3 Rb5 29. Bxe4 dxe4 30. Qf2 Rxe5 31. Nxg7 c5 32. Qf4 f6 33. Nf5 Qa7 34. Qg4+ Kh8 35. Nh6 Qg7 36. Qf4 Qg5 37. Qxg5 Rxg5 38. Rf5 Rxf5 39. Nxf5 Rd8 40. Kf1 Rd2 41. h4 Rc2 42. Nd6 Rxc3 43. Nxe4 Rxe3 44. Nxf6 Rf3+ 0-1

[Event "Crema op-B 17th"]
[Site "Crema"]
[Date "2016.09.02"]
[Round "1"]
[White "Sparber, Werner"]
[Black "Persico, Lorenzo"]
[Result "0-1"]
[WhiteElo "1785"]
[BlackElo "1573"]
[PlyCount "120"]
[EventDate "2016.09.02"]
[EventType "swiss"]
[EventRounds "6"]
[EventCountry "ITA"]
[SourceTitle "EXT 2018"]
[Source "ChessBase"]
[SourceDate "2017.10.13"]
[SourceVersion "1"]
[SourceVersionDate "2017.10.13"]
[SourceQuality "1"]

1. d4 d5 2. c4 e6 3. Nc3 Nf6 4. e3 Nc6 5. Nf3 g6 6. Be2 Bg7 7. 0-0 0-0 8. Re1 Re8 9. a3 a5 10. h3 Ne7 11. Bf1 Nd7 12. e4 dxc4 13. Bxc4 Nb6 14. Bb3 Nc6 15. Be3 Re7 16. d5 Rd7 17. Bxb6 cxb6 18. Qe2 exd5 19. exd5 Re7 20. Qb5 Nd4 21. Nxd4 Bxd4 22. Qc4 Bc5 23. Ne4 Rc7 24. Nxc5 Rxc5 25. Qe2 Bf5 26. g4 Bd7 27. Qf3 Qg5 28. Qe3 Qf6 29. Re2 Re8 30. Qd2 Rxe2 31. Qxe2 Rb5 32. Bc2 Rxb2 33. Rb1 Rxb1+ 34. Bxb1 Qa1 35. Qd3 Ba4 36. d6 Bd7 37. Kg2 Qe5 38. Bc2 Bc6+ 39. f3 Qb5 40. Qxb5 Bxb5 41. Be4 Kf8 42. Bxb7 Ke8 43. Bd5 f6 44. Bg8 h6 45. h4 g5 46. Be6 Bd7 47. Bd5 b5 48. hxg5 hxg5 49. Kf2 b4 50. axb4 axb4 51. Ke2 Bb5+ 52. Kd2 Kd7 53. Kc2 Kxd6 54. Be4 Bc6 55. Bf5 Bxf3 56. Kb3 Kc5 57. Bd7 Bd5+ 58. Kc2 b3+ 59. Kc3 Kd6 60. Bf5 Be6 0-1

[Event "Crema op 16th"]
[Site "Crema"]
[Date "2015.09.06"]
[Round "5"]
[White "Persico, Lorenzo"]
[Black "Marchesotti, Giovanni"]
[Result "1-0"]
[WhiteElo "1443"]
[BlackElo "1517"]
[PlyCount "49"]
[EventDate "2015.09.04"]
[EventType "swiss"]
[EventRounds "6"]
[EventCountry "ITA"]
[SourceTitle "EXT 2024"]
[Source "ChessBase"]
[SourceDate "2023.10.10"]
[SourceVersion "1"]
[SourceVersionDate "2023.10.10"]
[SourceQuality "1"]

1. e4 c5 2. Nc3 e6 3. g3 d5 4. exd5 exd5 5. Bg2 Be6 6. d4 Nc6 7. dxc5 Bxc5 8. Nxd5 Bxd5 9. Qxd5 Qxd5 10. Bxd5 Nf6 11. Bc4 0-0 12. Bd2 Ng4 13. Nh3 Rfe8+ 14. Kf1 Nd4 15. Rc1 b5 16. Bd3 Nf3 17. Be1 Rxe1+ 18. Rxe1 Nxe1 19. Kxe1 Re8+ 20. Kf1 b4 21. Kg2 h6 22. Rd1 g5 23. Bf5 Nf6 24. Ng1 Re2 25. Nxe2 1-0